000 00724nam a2200265Ia 4500
003 OSt
005 20250527143037.0
008 008 250516s9999 xx 000 0 eng d
020 _a9789354359521
040 _aSDCL
_beng
_cSDCL
041 _aeng
_2eng
084 _aR1 R3
_qSDCL
100 _aSaunders, Clare
_9809854
245 0 _aDoing philosophy :
_ba practical guide for students
250 _a2nd ed.
260 _aNew Delhi:
_bBloomsbury,
_c2023.
300 _aviii,242p.
365 _aINR
_b699
650 _aPhilosophy
700 _aMossley, David
_9809855
700 _aLamb, Danialle
_9810819
700 _aCloss, Julie
_9810820
700 _aRoss, George MacDonald
_9810821
942 _cTEXL
_2CC
_n0
999 _c1430019
_d1430019